Vista normal
Vista MARC
Entrada Geographic Name
Número de registros utilizados en: 4
001 - CONTROL NUMBER
- control field: 7
003 - CONTROL NUMBER IDENTIFIER
- control field: OSt
005 - DATE AND TIME OF LATEST TRANSACTION
- control field: 20220622165846.0
008 - FIXED-LENGTH DATA ELEMENTS
- fixed length control field: 220622|| aca||aabn | a|a d
040 ## - CATALOGING SOURCE
- Original cataloging agency: OSt
- Transcribing agency: OSt
151 ## - HEADING--GEOGRAPHIC NAME
- Geographic name: Puerto López (Meta, Colombia)
- General subdivision: Historia
670 ## - SOURCE DATA FOUND
- Source citation: Work cat.: (OSt): Beltrán Villazón, Apolinar, 1967-, autor 6, Yacuana: